| 000 | 00347nam a22001457a 4500 | ||
|---|---|---|---|
| 005 | 20250317180006.0 | ||
| 008 | 250317b |||||||| |||| 00| 0 eng d | ||
| 020 | _a0952466201 | ||
| 050 |
_aBV 4501.2 AKW _b1 |
||
| 100 | _aAKWABOAH, Francis | ||
| 245 | _aBewitched | ||
| 260 |
_aAccra _bLondon Office _c1994c |
||
| 300 | _a106p | ||
| 942 |
_2lcc _cBK _n0 |
||
| 999 |
_c4905 _d4905 |
||